Grey eminence : (Record no. 129964)

MARC details
000 -LEADER
fixed length control field 00626nam a22002297a 4500
005 - DATE AND TIME OF LATEST TRANSACTION
control field 20170124110105.0
010 ## - LIBRARY OF CONGRESS CONTROL NUMBER
LC control number 460628
020 ## - INTERNATIONAL STANDARD BOOK NUMBER
Terms of availability 00.00
035 ## - SYSTEM CONTROL NUMBER
System control number 460628
037 ## - SOURCE OF ACQUISITION
Source of stock number/acquisition Cen Lib/Ret
040 ## - CATALOGING SOURCE
Original cataloging agency DPL
Language of cataloging EN
082 ## - DEWEY DECIMAL CLASSIFICATION NUMBER
Classification number 921
Item number HUX
100 ## - MAIN ENTRY--PERSONAL NAME
Personal name Huxley, Aldous
9 (RLIN) 5814
245 ## - TITLE STATEMENT
Title Grey eminence :
Statement of responsibility, etc by Aldous Huxley
Remainder of title a study in religion and politics /
260 ## - PUBLICATION, DISTRIBUTION, ETC. (IMPRINT)
Place of publication, distribution, etc London
Name of publisher, distributor, etc Chatto and windus
Date of publication, distribution, etc 1956
270 ## - ADDRESS
City London
300 ## - PHYSICAL DESCRIPTION
Extent 330p.
Dimensions 18cm(Hb)
500 ## - GENERAL NOTE
General note Includes index
650 ## - SUBJECT ADDED ENTRY--TOPICAL TERM
Topical term or geographic name as entry element Christianity and politics
9 (RLIN) 27922
650 ## - SUBJECT ADDED ENTRY--TOPICAL TERM
Topical term or geographic name as entry element Diplomats
9 (RLIN) 27923
942 ## - ADDED ENTRY ELEMENTS (KOHA)
Source of classification or shelving scheme Dewey Decimal Classification
Koha item type English Books
Classification part 921
Call number suffix HUX
Holdings
Withdrawn status Lost status Damaged status Not for loan Home library Current library Date acquired Source of acquisition Cost, normal purchase price Total Checkouts Full call number Barcode Date last seen Copy number Cost, replacement price Price effective from Koha item type Public note
Written off       Central Library Central Library 08/07/2015 Cen Lib/Ret 0.00   921 HUX 460628 08/07/2015 1 0.00 08/07/2015 English Books W/d List No. 8132/4; dtd 20.2.2017

© Delhi Public Library
Hit Counter
free hit counter